Tám đổi mới để trở thành người giáo viên giỏi

Trình bày những thủ thuật dạy học cụ thể gợi ý giáo viên vận dụng vào từng lớp học cụ thể để mọi học sinh có năng khiếu, học sinh có khả năng nhận thức nhanh hay học sinh yếu kém vẫn đạt được kết quả học tập tốt

Bewaard in:
Bibliografische gegevens
Hoofdauteur: Martin-Kniep, Giselle O.
Andere auteurs: Lê Văn Canh (dịch)
Formaat: Boek
Taal:Vietnamese
English
Gepubliceerd in: H. Giáo dục 2011
Reeks:Bộ sách Đổi mới phương pháp dạy học
Onderwerpen:
Tags: Voeg label toe
Geen labels, Wees de eerste die dit record labelt!
Thư viện lưu trữ: Mạng thư viện Đại học Đà Nẵng
LEADER 01619aam a22003738a 4500
001 000006490
003 2646
005 20120524140506.0
008 110913s2011 viesd
020 |c 34000đ  |d 3000b 
041 1 |a vie  |h eng 
082 1 4 |2 14  |a 370.1  |b MA-G 
100 1 |a Martin-Kniep, Giselle O. 
245 1 0 |a Tám đổi mới để trở thành người giáo viên giỏi  |c Giselle O. Martin-Kniep ; Lê Văn Canh dịch 
260 |a H.  |b Giáo dục  |c 2011 
300 |a 199tr.  |b bảng  |c 24cm 
490 0 |a Bộ sách Đổi mới phương pháp dạy học 
504 |a Thư mục: tr. 196-197 
520 |a Trình bày những thủ thuật dạy học cụ thể gợi ý giáo viên vận dụng vào từng lớp học cụ thể để mọi học sinh có năng khiếu, học sinh có khả năng nhận thức nhanh hay học sinh yếu kém vẫn đạt được kết quả học tập tốt 
534 |a Tên sách tiếng Anh: Becoming a better teacher 
650 7 |2 Bộ TK TVQG  |a Phương pháp giảng dạy 
650 7 |2 Bộ TK TVQG  |a Giáo viên 
650 7 |2 Bộ TKTVQG  |a Đổi mới 
700 1 |a Lê Văn Canh  |e dịch 
OWN |a LSP 
AVA |a UDN50  |b LSP  |d 370.1 MA-G  |e check_holdings  |t Error 5003 Not defined in file expand_doc_bib_avail.  |h N  |k 1 
999 |a From the UDN01 
AVA |a UDN50  |b LSP  |d 370.1 MA-G  |e available  |t Error 5001 Not defined in file expand_doc_bib_avail.  |f 40  |g 2  |h N  |i 14  |k 1 
TYP |a Monograph 
TYP |a Printed language 
980 |a Mạng thư viện Đại học Đà Nẵng